00922nam a22002532a 450000100060000000300080000600500170001400800410003103500510007204000370012304100080016008200230016810000550019124500480024626000300029430000500032450400310037465000250040565000390043065100280046994200120049799900170050995201420052632314BD-RjUL20211209051821.0140425s1936 enkfh b 001 0 eng d aOCLC ocm09612532 from D951128Ma(BD-RjUL)32403 aDLCcSUCdSUCdEQOdBD-RjULbeng aeng04a296.0946bISJ 19361 aIsaacs, A. Lionelq(Abraham Lionel),d1874-99829714aThe Jews of Majorca /cby A. Lionel Isaacs. aLondon :bMethuen,c1936. axv, 283 p. :bfront., pl., facsims. ;c23 cm. aBibliography: p. [273]-275 0aJewszMajorca998298 0aInquisitionzSpainzMajorca998299 0aMajorcaxHistory998300 2ddccBK c32314d32314 00102ddc4071aRUCLbRUCLcReadingd1957-12-16ePak-American Com.g9.60l0o296.0946 ISJ 1936r2014-04-26 00:00:00tC-1w2014-04-26yBK